A comparative study of construction cost and commercial management services in the UK and China (Record no. 116233)
[ view plain ]
| 000 -LEADER | |
|---|---|
| fixed length control field | 01305cam a22003015a 4500 |
| 001 - CONTROL NUMBER | |
| control field | L160118 |
| 008 - FIXED-LENGTH DATA ELEMENTS--GENERAL INFORMATION | |
| fixed length control field | 170725s2016 xxk f 000 0 eng d |
| 035 ## - SYSTEM CONTROL NUMBER | |
| System control number | (Sirsi) u160118 |
| 041 0# - LANGUAGE CODE | |
| Language code of text/sound track or separate title | eng |
| 110 2# - MAIN ENTRY--CORPORATE NAME | |
| Corporate name or jurisdiction name as entry element | Royal Institution of Chartered Surveyors |
| 9 (RLIN) | 4900 |
| 245 02 - TITLE STATEMENT | |
| Title | A comparative study of construction cost and commercial management services in the UK and China |
| Medium | [electronic resource] |
| 260 ## - PUBLICATION, DISTRIBUTION, ETC. | |
| Place of publication, distribution, etc. | London |
| Name of publisher, distributor, etc. | RICS |
| Date of publication, distribution, etc. | 2016 |
| 490 #0 - SERIES STATEMENT | |
| Series statement | RICS Research |
| 520 ## - SUMMARY, ETC. | |
| Summary, etc. | Compares the two of the most popular mainstream cost management systems in the world promoting construction cost management consultants to better understand complex client needs. |
| 590 ## - LOCAL NOTE (RLIN) | |
| Local note | NTK |
| 650 24 - SUBJECT ADDED ENTRY--TOPICAL TERM | |
| Topical term or geographic name entry element | BUILT ENVIRONMENT-BUILDING COSTS |
| 650 24 - SUBJECT ADDED ENTRY--TOPICAL TERM | |
| Topical term or geographic name entry element | COST MANAGEMENT |
| 9 (RLIN) | 6233 |
| 650 24 - SUBJECT ADDED ENTRY--TOPICAL TERM | |
| Topical term or geographic name entry element | Construction management |
| 9 (RLIN) | 6230 |
| 651 ## - SUBJECT ADDED ENTRY--GEOGRAPHIC NAME | |
| Geographic name | United Kingdom |
| 651 #4 - SUBJECT ADDED ENTRY--GEOGRAPHIC NAME | |
| Geographic name | China |
| 700 1# - ADDED ENTRY--PERSONAL NAME | |
| Personal name | Zhou, Lei |
| 700 1# - ADDED ENTRY--PERSONAL NAME | |
| Personal name | Udeaja, Chika E. |
| 700 1# - ADDED ENTRY--PERSONAL NAME | |
| Personal name | Victoria, Michele |
| 700 1# - ADDED ENTRY--PERSONAL NAME | |
| Personal name | Chen, Qijun |
| 856 40 - ELECTRONIC LOCATION AND ACCESS | |
| Uniform Resource Identifier | <a href="https://www.rics.org/Global/UK_China_Construction_English_160516_dwl_Research.pdf">https://www.rics.org/Global/UK_China_Construction_English_160516_dwl_Research.pdf</a> |
| Public note | View the research free of charge from at www.rics.org. |
| 856 40 - ELECTRONIC LOCATION AND ACCESS | |
| Uniform Resource Identifier | <a href="https://www.rics.org/Global/UK_China_Construction_Chinese_160516_dwl_Research.pdf">https://www.rics.org/Global/UK_China_Construction_Chinese_160516_dwl_Research.pdf</a> |
| Public note | View the research in Mandarin free of charge from at www.rics.org. |
| 942 ## - ADDED ENTRY ELEMENTS (KOHA) | |
| Suppress in OPAC | 0 |
| Withdrawn status | Lost status | Source of classification or shelving scheme | Damaged status | Not for loan | Home library | Current library | Shelving location | Date acquired | Total Checkouts | Full call number | Barcode | Date last seen | Copy number | Price effective from | Koha item type |
|---|---|---|---|---|---|---|---|---|---|---|---|---|---|---|---|
| Dewey Decimal Classification | Virtual | Virtual | Online | 24/05/2018 | ONLINE PUBLICATION | 160118-2001 | 06/08/2019 | 1 | 06/08/2019 | Book |